[Event "Nezhmetdinov Memorial 40th"]
[Site "Kazan"]
[Date "2018.09.21"]
[Round "9"]
[White "Khusnutdinov, Abdul"]
[Black "Kurinov, Mikhail"]
[Result "1-0"]
[WhiteElo "1724"]
[BlackElo "1766"]
[PlyCount "73"]
[EventDate "2018.09.13"]
[EventType "swiss"]
[EventRounds "9"]
[EventCountry "RUS"]
[SourceTitle "CBM 186 Extra"]
[Source "ChessBase"]
[SourceDate "2018.08.24"]
[SourceVersion "1"]
[SourceVersionDate "2018.08.24"]
[SourceQuality "1"]

1. d4 Nf6 2. Nf3 g6 3. g3 Bg7 4. Bg2 0-0 5. 0-0 d5 6. c4 dxc4 7. Na3 c3 8. bxc3 c5 9. Bb2 Nc6 10. Nc4 Be6 11. Nfe5 Nxe5 12. Nxe5 Bd5 13. f3 Nd7 14. Nxd7 Qxd7 15. e4 Bc4 16. Rf2 Rfd8 17. Rd2 Bh6 18. f4 e5 19. Bf1 Bxf1 20. Qxf1 exf4 21. gxf4 cxd4 22. cxd4 Qg4+ 23. Rg2 Qxf4 24. Qxf4 Bxf4 25. d5 Re8 26. Re2 Be5 27. Rb1 Bxb2 28. Rbxb2 b6 29. Rbc2 Rac8 30. d6 Rxc2 31. Rxc2 Rd8 32. e5 f6 33. e6 Rxd6 34. Rc8+ Kg7 35. e7 Re6 36. e8Q Rxe8 37. Rxe8 1-0

[Event "Nezhmetdinov Memorial 40th"]
[Site "Kazan"]
[Date "2018.09.18"]
[Round "6"]
[White "Rafikov, Danis"]
[Black "Khusnutdinov, Abdul"]
[Result "0-1"]
[WhiteElo "1307"]
[BlackElo "1724"]
[PlyCount "72"]
[EventDate "2018.09.13"]
[EventType "swiss"]
[EventRounds "9"]
[EventCountry "RUS"]
[SourceTitle "CBM 186 Extra"]
[Source "ChessBase"]
[SourceDate "2018.08.24"]
[SourceVersion "1"]
[SourceVersionDate "2018.08.24"]
[SourceQuality "1"]

1. e4 c6 2. d4 d5 3. exd5 cxd5 4. Bd3 Nc6 5. c3 Nf6 6. Bf4 Bg4 7. Qb3 Qd7 8. Nd2 e6 9. Ngf3 Bxf3 10. Nxf3 Be7 11. Ne5 Qc8 12. h3 0-0 13. 0-0 Nxe5 14. Bxe5 a6 15. a4 Qc6 16. a5 Nd7 17. Bh2 Bd6 18. Bxd6 Qxd6 19. f4 Rfb8 20. f5 e5 21. dxe5 Qc5+ 22. Kh1 Nxe5 23. Be2 b5 24. Rad1 Nc4 25. Rd4 Re8 26. Bf3 Rad8 27. Rfd1 Ne3 28. Bxd5 Nxd1 29. Bxf7+ Kh8 30. Bxe8 Nf2+ 31. Kg1 Rxe8 32. Kxf2 Qxf5+ 33. Kg3 Re3+ 34. Kh4 g5+ 35. Kh5 Qg6+ 36. Kg4 h5# 0-1

[Event "Nezhmetdinov Memorial 40th"]
[Site "Kazan"]
[Date "2018.09.17"]
[Round "5"]
[White "Gabitov, Bulat"]
[Black "Khusnutdinov, Abdul"]
[Result "1-0"]
[WhiteElo "1998"]
[BlackElo "1724"]
[PlyCount "165"]
[EventDate "2018.09.13"]
[EventType "swiss"]
[EventRounds "9"]
[EventCountry "RUS"]
[SourceTitle "CBM 186 Extra"]
[Source "ChessBase"]
[SourceDate "2018.08.24"]
[SourceVersion "1"]
[SourceVersionDate "2018.08.24"]
[SourceQuality "1"]

1. d4 d5 2. c4 c6 3. Nf3 Nf6 4. g3 Bg4 5. Ne5 Bh5 6. Bg2 e6 7. 0-0 Nbd7 8. Nd3 Be7 9. Nc3 0-0 10. Nf4 Bg6 11. Nxg6 hxg6 12. e4 dxe4 13. Nxe4 Nb6 14. b3 a5 15. Be3 a4 16. Rb1 Nxe4 17. Bxe4 f5 18. Bg2 a3 19. Qe2 Bf6 20. Rfd1 Qe7 21. Rd2 Rfe8 22. Rbd1 Qc7 23. f4 Rad8 24. Qf2 Nd7 25. Bf3 Be7 26. Kg2 Nf6 27. d5 Qc8 28. d6 Bf8 29. Bb6 Rd7 30. h4 e5 31. fxe5 Rxe5 32. Be3 Qe8 33. Bf4 Ne4 34. Bxe4 Rxe4 35. Qf3 Qe6 36. c5 g5 37. Bxg5 g6 38. h5 Bg7 39. hxg6 Qxg6 40. Bf4 Qe8 41. Kf1 Kf8 42. Re2 Rxe2 43. Qxe2 Qf7 44. Re1 Bd4 45. Bh6+ Kg8 46. Qe8+ Qxe8 47. Rxe8+ Kf7 48. Ra8 Bxc5 49. Bc1 Bxd6 50. Bxa3 Bxa3 51. Rxa3 b5 52. Ra6 Rd2 53. Rxc6 Rxa2 54. Rb6 Ra5 55. b4 Ra3 56. Rxb5 Ke6 57. Kf2 Rb3 58. Rb8 Ke5 59. b5 Rb2+ 60. Kf3 Rb3+ 61. Kg2 Rb2+ 62. Kh3 Rb1 63. b6 Kd6 64. b7 Kc7 65. Rf8 Kxb7 66. Rxf5 Kc6 67. Re5 Kd6 68. Re2 Rh1+ 69. Kg4 Rg1 70. Kh4 Rh1+ 71. Kg5 Rg1 72. g4 Kd7 73. Kh5 Rh1+ 74. Kg6 Rg1 75. g5 Kd6 76. Kh6 Rh1+ 77. Kg7 Rg1 78. g6 Kd7 79. Kh7 Rh1+ 80. Kg8 Rg1 81. g7 Kd8 82. Re5 Kd7 83. Kh7 1-0

[Event "Nezhmetdinov Memorial 40th"]
[Site "Kazan"]
[Date "2018.09.15"]
[Round "3"]
[White "Gavrilin, Roman"]
[Black "Khusnutdinov, Abdul"]
[Result "1-0"]
[WhiteElo "2054"]
[BlackElo "1724"]
[PlyCount "75"]
[EventDate "2018.09.13"]
[EventType "swiss"]
[EventRounds "9"]
[EventCountry "RUS"]
[SourceTitle "CBM 186 Extra"]
[Source "ChessBase"]
[SourceDate "2018.08.24"]
[SourceVersion "1"]
[SourceVersionDate "2018.08.24"]
[SourceQuality "1"]

1. e4 c6 2. d4 d5 3. Nc3 dxe4 4. Nxe4 Bf5 5. Ng3 Bg6 6. Nh3 e6 7. Nf4 Nf6 8. h4 Bd6 9. c3 Bxf4 10. Bxf4 Nd5 11. Bd2 h6 12. h5 Bh7 13. Qg4 Qf6 14. Ne4 Bxe4 15. Qxe4 Nd7 16. Rh3 Qe7 17. c4 N7f6 18. Qc2 Nb6 19. Bf4 0-0-0 20. 0-0-0 c5 21. Ra3 Rxd4 22. Rxd4 cxd4 23. c5 Nbd5 24. Bd6 Qd7 25. Rxa7 Nc7 26. Ba6 bxa6 27. Rxc7+ Qxc7 28. Bxc7 Kxc7 29. Qc4 Rd8 30. Qxa6 d3 31. Qb6+ Kd7 32. c6+ Ke8 33. c7 Rc8 34. Qb5+ Ke7 35. Qxd3 Rxc7+ 36. Kb1 Nd5 37. a4 Kd7 38. Qh7 1-0